000 nam a22 a 4500
999 _c406841
_d406841
003 BLK
005 20210413132538.0
008 180412b bul|||||r ||||||| ||bul||
040 _aBLK
041 _aBUL
_cBUL
080 _aПоща. Управление на пощите. Пощенски правила. Вж и 656. 8 351.816
_b351.816
_x(094.1)(497.2)
_z351.816(094.1)(497.2)
110 _9447294
_aБългария. Министерство на общестевните сгради, пътищата и съобщенията. Гл. дирекция на пощите, телеграфите и телефоните
139 _aПравилник за събиране, посредством пощенската служба, стойността на ценни книжа
245 1 0 _aПравилник за събиране, посредством пощенската служба, стойността на ценни книжа
257 _aBGR
260 _bМ-во на общ. сгради, пътищата и благоустройството
_c1896
_9219383
_aСофия
_n978-606-92772-
_fСофия : Държ. печ.
300 _a7 с.
_c23 см
380 _a3
490 _9435080
_aКолекция Редки и ценни издания
500 _aНадт. загл.
650 7 _aПощи - България
_9167313
653 7 _9194305
_aправилници
852 _aРб 896
_bРц
942 _cKNG
_n0
_s1
944 _aCR
_c2021-04-08
_kСТ
999 _d406841
999 _d406140
999 _d406127